000 00570 a2200205 4500
005 20260130163729.0
008 260129b |||||||| |||| 00| 0 eng d
020 _a9789359777405
_cRs. 1695.00
040 _aMAIN
082 _a301.1
_bP435S
100 _aPervez, Rikza
245 _aSocial psychology: Understanding the power of social influence
260 _bThe Readers Paradise
_c2023
_aNew Delhi
300 _a220
440 _aReadings in psychology
650 _aSociology
650 _aPsychology - Social
650 _aSocial Interaction
942 _cBK
999 _c393691
_d393691